000 00274nam a2200109Ia 4500
008 220204s9999 xx 000 0 und d
020 _a9.77054E+12
082 _a058 2013
_bMAN
245 0 _aManorama yearbook 2013
260 _aMalayala Manorama
_bKottayam
_c2013
942 _cBK
999 _c43075
_d43075